[Event "Carlos Duria Memorial 4th"]
[Site "Asuncion"]
[Date "2010.01.26"]
[Round "8"]
[White "Torres, Christian"]
[Black "Portillo, Dario"]
[Result "1-0"]
[WhiteElo "1670"]
[BlackElo "1503"]
[PlyCount "63"]
[EventDate "2010.01.20"]
[EventType "swiss"]
[EventRounds "9"]
[EventCountry "PAR"]
[SourceTitle "EXT 2023"]
[Source "ChessBase"]
[SourceDate "2022.10.05"]
[SourceVersion "1"]
[SourceVersionDate "2022.10.05"]
[SourceQuality "1"]

1. e4 e6 2. d4 d5 3. Nc3 Bb4 4. e5 c5 5. a3 Ba5 6. b4 cxd4 7. Nb5 Bc7 8. Nxd4 Bxe5 9. Bb2 Bf6 10. Ngf3 Ne7 11. Be2 Ng6 12. Qd2 a6 13. 0-0 0-0 14. c4 dxc4 15. Bxc4 b5 16. Bb3 Bb7 17. Rab1 Bxf3 18. Nxf3 Qxd2 19. Nxd2 Bxb2 20. Rxb2 Rd8 21. Ne4 Nc6 22. Nc5 Nge5 23. Bc2 Nc4 24. Ra2 Rd2 25. Rc1 Nd4 26. Kf1 Nxa3 27. Bxh7+ Kxh7 28. Rxd2 Ndc2 29. Rcxc2 Nxc2 30. Rxc2 Rc8 31. Ra2 Ra8 32. Rxa6 1-0

[Event "Carlos Duria Memorial 4th"]
[Site "Asuncion"]
[Date "2010.01.24"]
[Round "6"]
[White "Rivas, Jose"]
[Black "Portillo, Dario"]
[Result "1-0"]
[WhiteElo "1596"]
[BlackElo "1503"]
[PlyCount "85"]
[EventDate "2010.01.20"]
[EventType "swiss"]
[EventRounds "9"]
[EventCountry "PAR"]
[SourceTitle "EXT 2023"]
[Source "ChessBase"]
[SourceDate "2022.10.05"]
[SourceVersion "1"]
[SourceVersionDate "2022.10.05"]
[SourceQuality "1"]

1. e4 e6 2. d4 d5 3. Nc3 Bb4 4. e5 c5 5. a3 Bxc3+ 6. bxc3 Ne7 7. Ne2 cxd4 8. cxd4 Nf5 9. Ng3 Nxg3 10. hxg3 Nc6 11. c3 Qc7 12. Bd2 Qe7 13. Bd3 h6 14. Qg4 f6 15. exf6 Qxf6 16. Bg5 Qf8 17. Qh5+ Kd7 18. Kf1 b6 19. Re1 Kc7 20. Bf4+ Kb7 21. Qe2 Qxa3 22. f3 a6 23. Kf2 Qxc3 24. Rc1 Qxd4+ 25. Be3 Qe5 26. Rxc6 Kxc6 27. Qc2+ Kd7 28. Bf4 Qd4+ 29. Be3 Qb4 30. Rb1 Qd6 31. Rxb6 Qc7 32. Qa4+ Kd8 33. Qb4 a5 34. Qb3 a4 35. Qb4 a3 36. Rd6+ Ke8 37. Bb5+ Kf7 38. Qf4+ Ke7 39. Rxe6+ Kxe6 40. Qxc7 Ba6 41. Qc6+ Ke5 42. f4+ Ke4 43. Qe6# 1-0